| 000 | 00839cam a2200253 4500 | ||
|---|---|---|---|
| 001 | ABS61567 | ||
| 008 | 000000n1999 000 0 eng u | ||
| 035 | _a(Sirsi) u102660 | ||
| 100 | _aWilden, N. | ||
| 245 | _aWhat's the best inducement? | ||
| 260 | _c1999 | ||
| 490 |
_aEstates Gazette _v(9946) 20 November 1999, 177-179(2) |
||
| 520 | _aThe Finance Act 1999 has introduced the taxation of many lump-sum inducements paid to tenants. This article looks at how such incentives will be affected and how they should be structured to be most effective. | ||
| 590 | _aABS | ||
| 650 | _aINCENTIVE PAYMENTS | ||
| 650 | _aINDUCEMENTS | ||
| 650 | _aRENT-FREE PERIODS | ||
| 650 | _aFINANCE ACT 1999 | ||
| 650 | _aREVERSE PREMIUMS | ||
| 650 | _aTAX | ||
| 690 | _aPROPERTY-LANDLORD AND TENANT | ||
| 700 | _aLyon, T. | ||
| 942 | _n0 | ||
| 999 |
_c61654 _d61654 |
||